000 00952cam a2200301 i 4500
001 2707866
005 20240403090102.0
008 760820s1977 nyu b 001 0 eng
010 _a 76041187
020 _a0870682873 :
_c$12.50
040 _aDLC
_cDLC
_dDLC
100 1 _aFeldman, Emanuel,
_d1927-
245 1 0 _aBiblical and post-Biblical defilement and mourning :
_blaw as theology /
_cby Emanuel Feldman.
260 _aNew York :
_bYeshiva University Press,
_cc1977.
300 _axx, 196 p. ;
_c24 cm.
336 _atext
337 _aunmediated
338 _avolume
490 0 _aThe Library of Jewish law and ethics
500 _aIncludes indexes.
504 _aBibliography: p. 181-188.
650 0 _aDeath
_xReligious aspects
_xJudaism.
650 0 _aDeath
_xBiblical teaching.
650 0 _aPurity, Ritual
_xJudaism.
650 0 _aPurity, Ritual
_xBiblical teaching.
650 0 _aJewish mourning customs.
942 _2lcc
_cBK
999 _c52376
_d52376